Carregant...

Detoxication of Hazardous Waste

Dades bibliogràfiques
Autor principal: H Jurgen Exner
Format: Printed Book
Idioma:Undetermined
Publicat: Ann Arbor Science 1982
Matèries:
LEADER 00603nam a2200217Ia 4500
008 141122s9999 xx 000 0 und d
040 |c . 
041 |a English 
082 |a 571.95 
082 |b EXN/DE 
100 |a H Jurgen Exner 
245 |a Detoxication of Hazardous Waste 
245 |c H Jurgen Exner 
260 |b Ann Arbor Science 
260 |c 1982 
300 |a 362 Pages 
500 |a  General (D) 
650 |a Biochemistry 
942 |c BK 
999 |c 19663  |d 19663 
952 |0 0  |1 0  |4 0  |6 571_950000000000000_EXNDE  |7 0  |9 19318  |a COVAS  |b COVAS  |d 0000-00-00  |o 571.95 EXN/DE  |p 12742  |r 2014-11-26  |w 2014-11-26  |y BK